Klick-Kette - Bibel - Statistiken

Allgemein
  • Dieses Quiz wurde 108 mal gespielt
  • Das Durchschnittsergebnis liegt bei 11 aus 35
Antwortstatistiken
Hint Antwort % Korrekt
Das erste Buch der Bibel heißt ... Genesis
83%
Dieser hat die Israeliten aus ... herausgeführt Ägypten
80%
Es wurde geschrieben von ... Moses
71%
Dort hat Jesus 50.000 Menschen mit ... ernährt 5 Broten und 2 Fischen
60%
Dort hat Jesus ... geschwitzt Blut
57%
Dieses ist das letzte Buch im ... Neuen Testament
55%
Dorthin ist ... als Baby geflohen Jesus
51%
Dieser schrieb das Buch der ... Offenbarung
51%
Viele von diesen waren ... Fischer
48%
Diese Stadt liegt im heutigen ... Syrien
46%
Dieses besteht hauptsächlich aus den Briefen von ... Paulus
42%
Dieser durchfließt den ... See Genezareth
37%
Diese strandete auf dem Berg ... Ararat
35%
Dieser erblindete auf dem Weg nach ... Damaskus
31%
Der ist ein Fluss, genau wie der ... Jordan
31%
Diese wurden ihm von ... gegeben seinen Jüngern
31%
Dieser hat jemandem im ... ein Ohr abgeschlagen, um Jesus zu verteidigen Garten Getsemani
28%
Ebenfalls ein Berg ist der ... Zion
28%
Auf ihm wurde ... gebaut Jerusalem
25%
Daraus bestand kurzzeitig der ... Nil
23%
Dieser war der Bruder von ... Jakobus
22%
Dazu gehört auch ... Johannes
22%
Dieses gehörte einst zu ... Kanaan
22%
Das wurde im Buch ... dokumentiert Numeri
20%
Das biblische Buch von diesem kommt vor dem ... 1. Petrus
14%
Dieser war Spion zusammen mit ... Caleb
12%
Dieses wurde geschrieben von ... Petrus
12%
Dieses wurde von ... erobert Josua
11%
Dieser war der Urgroßvater von ... Noah
11%
Dieser war der Nachfolger von ... Elija
9%
Von dort stammte ... Naaman
9%
Dieser hat die ... Arche gebaut Arche
6%
... half ihnen Rahab
6%
Dieser stieg wie ... zum Himmel auf Henoch
5%
Dieser wurde von ... geheilt Elischa
3%
Keine übereinstimmenden Quizze gefunden
Verteilung der Resultate
Anzahl Personen mit jedem Resultat
Perzentil nach korrekt beantworteten Fragen
Ihre Resultats-Entwicklung
Sie haben dieses Quiz noch nicht gespielt